| 000 | 01338nam a22002777a 4500 | ||
|---|---|---|---|
| 005 | 20260305111905.0 | ||
| 008 | 240820b ||||| |||| 00| 0 eng d | ||
| 082 | _aDPer 155.205 J826 October-December 2020 v. 119 n. 4-6 | ||
| 100 |
_aBoothroyd, Lynda G. _eauthor. _958314 |
||
| 245 |
_aTelevision consumption drives perceptions of female body attractiveness in a population technological transition / _cLynda G. Boothroyd, Tracey Thornborrow, Elizabeth H. Evans, Jean-Luc Jucker, Robert A. Barton, Michael Burt, Mark A. Jamieson, and Martin J. Tovee. |
||
| 260 |
_aWashington, DC ; _bAmerican Psychological Association , _cOctober 2020. |
||
| 300 |
_aVolume 119, pages 839-860 : _billustration ; _c28 cm. |
||
| 500 | _aJournal of Personality and Social Psychology, vol. 119, no. 4, pages 389-860, October 2020. | ||
| 650 |
_aPerception. _961125 |
||
| 650 |
_aShape. _961126 |
||
| 650 |
_aSize. _961127 |
||
| 700 |
_aBoothroyd, Lynda G. _eauthor. _958314 |
||
| 700 |
_aThornborrow, Tracey _eauthor. _958315 |
||
| 700 |
_aEvans, Elizabeth H. _eauthor. _958316 |
||
| 700 |
_aJucker, Jean-Luc. _eauthor. _958317 |
||
| 700 |
_aBarton, Robert A. _eauthor. _958318 |
||
| 700 |
_aBurt, Michael. _eauthor. _958319 |
||
| 700 |
_aJamieson, Mark A. _eauthor. _958320 |
||
| 700 |
_aTovee, Martin J. _eauthor. _958321 |
||
| 942 |
_2ddc _cPER |
||
| 999 |
_c20653 _d20653 |
||